Detalles MARC
| 000 -CABECERA |
| campo de control de longitud fija |
01023nam a22002297a 4500 |
| 003 - IDENTIFICADOR DEL NÚMERO DE CONTROL |
| campo de control |
DO-SdBNP |
| 005 - FECHA Y HORA DE LA ÚLTIMA TRANSACCIÓN |
| campo de control |
20210923102849.0 |
| 008 - DATOS DE LONGITUD FIJA--INFORMACIÓN GENERAL |
| campo de control de longitud fija |
210809b 2017 dr 00| 0 eng d |
| 020 ## - NÚMERO INTERNACIONAL ESTÁNDAR DEL LIBRO |
| Número Internacional Estándar del Libro |
9789945088496 |
| 040 ## - FUENTE DE LA CATALOGACIÓN |
| Centro catalogador/agencia de origen |
DO-SdBNP |
| Lengua de catalogación |
spa |
| Centro/agencia transcriptor |
BNPHU |
| 100 1# - ENTRADA PRINCIPAL--NOMBRE DE PERSONA |
| Nombre de persona |
Monción, Segundo E. |
| 9 (RLIN) |
79433 |
| 245 10 - MENCIÓN DE TÍTULO |
| Título |
La litis, los incidentes y la demanda en referimiento en la jurisdicción inmobiliaria : |
| Resto del título |
formularios y jurisprudencias / |
| Mención de responsabilidad, etc. |
Segundo E. Monción ; prólogo del Dr. Jorge A. Subero Isa, presidente de la Suprema Corte de Justicia de la República Dominicaca. |
| 250 ## - MENCIÓN DE EDICIÓN |
| Mención de edición |
4ta edición corregida, actualizada y ampliada |
| 260 ## - PUBLICACIÓN, DISTRIBUCIÓN, ETC. |
| Lugar de publicación, distribución, etc. |
Santo Domingo : |
| Nombre del editor, distribuidor, etc. |
Centenario, |
| Fecha de publicación, distribución, etc. |
2017. |
| 300 ## - DESCRIPCIÓN FÍSICA |
| Extensión |
738 p. ; |
| Dimensiones |
24 cm. |
| 490 ## - MENCIÓN DE SERIE |
| Mención de serie |
Derecho procesal inmobiliario. |
| 500 ## - NOTA GENERAL |
| Nota general |
Cuarta edición, 2017 corregida y ampliada a cinco capítulos adicionales Santiago, República Dominicana. |
| 504 ## - NOTA DE BIBLIOGRAFÍA, ETC. |
| Nota de bibliografía, etc. |
Bibliografía : p. 731-738 |
| 590 ## - NOTA LOCAL (RLIN) |
| Nota local |
Inventariado, 2021 /LP<br/><br/> |
| 830 #0 - PUNTO DE ACCESO ADICIONAL DE SERIE-TÍTULO UNIFORME |
| Título uniforme |
Derecho procesal inmobiliario. |
| 9 (RLIN) |
79434 |
| 942 ## - ELEMENTOS DE PUNTO DE ACCESO ADICIONAL (KOHA) |
| Fuente del sistema de clasificación o colocación |
Dewey Decimal Classification |
| Tipo de ítem Koha |
Libro |